| 000 | 01040cam a22003017a 4500 | ||
|---|---|---|---|
| 003 | CHAP | ||
| 005 | 20220329135950.0 | ||
| 008 | 971013s1954 r 00010 d | ||
| 010 | _a44838 | ||
| 011 | _a45810 | ||
| 035 | _a49949 | ||
| 040 | _cCHAP | ||
| 082 |
_a338.17351 _bR3 |
||
| 100 | 0 | 0 |
_aRamos Uriarte, Guillermo. _994511 |
| 245 | 1 | 3 | _aEl mercado del algodón en la Comarca Lagunera |
| 260 |
_aMéxico, D. F. : _bBanco Nacional de Crédito Ejidal, _c1954 |
||
| 300 |
_a72 p. _b: ilus. |
||
| 590 |
_aBATCH-UPD _b10 _c20130110 _lUCH01 _h1638 |
||
| 590 |
_aBATCH-UPD _b10 _c20130410 _lUCH01 _h1029 |
||
| 590 |
_aCONVERSION _b10 _c20130109 _lUCH01 _h1325 |
||
| 650 | 1 | 4 |
_aAlgodon _xAspectos economicos _xMexico. _93974 |
| 650 | 1 | 4 |
_aComarca Lagunera. _925520 |
| 901 | _aBK | ||
| 942 | _cLIBRO | ||
| 949 |
_a338.17351 R3 _bBC _cLIBRO _d33724000112496 _eLIBRO _h5730 _i49949 _si |
||
| 949 |
_a338.17351 R3 _bBC _cLIBRO _d33724000112512 _eLIBRO _fc.2 _h32513 _i49949 _si |
||
| 949 |
_a338.17351 R3 _bBC _cLIBRO _d33724000112520 _eLIBRO _fc.3 _h60483 _i49949 _si |
||
| 999 |
_c44838 _d44838 |
||